000 01138 a2200217 4500
005 20080910121846.0
008 080910t xxu||||| |||| 00| 0 hin d
010 _aHIN-79433
020 _a817711137x
_c400.00
035 _aHN-51779
037 _bD.B.Act / pub
082 _a305.56
100 _aसागर, धर्म सिंह
245 _aआरक्षण क्यों
_b(विधि, सामाजिक परिवर्तन एवं सकारात्मक कार्यक्रम)
_cधर्म सिंह सागर
246 _aArakshan kyon
_bby Dharam Singh
260 _aजयपुर
_bसाहित्यागार
_c2007
270 _aधामाणी मार्केट की गली,चौड़ा रास्ता
_bजयपुर
_k2322382
300 _a247पृ
_c22 सेमी (सजिल्द)
942 _adpl
_cHN
_k305.56/सागर
_2ddc
_h305.56
_mसागर
999 _c2006
_d2006